Statistics for People by Country - Tile Select

Click here to take the quiz!

General Stats

  • This quiz has been taken 12,335 times
  • The average score is 34 of 45

Answer Stats

QuestionTileSelect% Correct
People from the United StatesYes
96%
People from the United StatesNo
96%
People from the United StatesNo
94%
People from ItalyNo
91%
People from the United StatesNo
91%
People from the United KingdomNo
90%
People from GermanyNo
90%
People from GermanyNo
90%
People from GermanyYes
89%
People from the United StatesNo
89%
People from the United KingdomYes
86%
People from the United KingdomNo
86%
People from the United KingdomNo
85%
People from FranceNo
85%
People from the United StatesYes
84%
People from FranceNo
83%
People from ItalyNo
82%
People from FranceNo
81%
People from the United KingdomYes
81%
People from the United StatesYes
80%
People from ItalyNo
79%
People from GermanyNo
77%
People from GermanyYes
76%
People from the United KingdomNo
75%
People from ItalyYes
72%
People from FranceNo
72%
People from the United StatesYes
72%
People from ItalyYes
72%
People from GermanyNo
72%
People from ItalyNo
72%
People from the United KingdomYes
71%
People from FranceYes
71%
People from FranceYes
70%
People from FranceYes
69%
People from GermanyYes
68%
People from ItalyYes
68%
People from GermanyYes
62%
People from FranceYes
62%
People from the United StatesYes
57%
People from the United KingdomYes
57%
People from GermanyYes
55%
People from the United KingdomYes
49%
People from ItalyYes
48%
People from ItalyYes
47%
People from FranceYes
46%

Score Distribution

Percentile by Number Answered

Percent of People with Each Score

Your Score History

You have not taken this quiz